| 000 | 00803nam a2200253 i 4500 | ||
|---|---|---|---|
| 001 | bg | ||
| 003 | BPK | ||
| 005 | 20211026151601.0 | ||
| 008 | 020718s1978 pl a f f |001 0 pol | ||
| 015 | _aPB 1978/9929 | ||
| 040 |
_aWA N _cBPK |
||
| 080 | _a621.6 | ||
| 080 | _a(075.8) | ||
| 100 | 1 | _aStępniewski, Mieczysław. | |
| 245 | 1 | 0 |
_aPompy / _cMieczysław Stępniewski. |
| 260 |
_aWarszawa : _bWydawnictwa Naukowo-Techniczne, _c1978. |
||
| 300 |
_a559, [1] s. : _bil., tab., wykr., err. ; _c25 cm. |
||
| 504 | _aBibliogr. Indeks. | ||
| 655 | 4 | _aPodręczniki akademickie | |
| 650 | 4 | _aPompy | |
| 710 | 2 |
_aWydawnictwa Naukowo-Techniczne _4pbl. |
|
| 856 |
_uhttp://koha.tu.koszalin.pl/cgi-bin/koha/opac-detail.pl?biblionumber=715 _yKatalog online BPK |
||
| 942 |
_2UKD _cKS |
||
| 999 |
_c715 _d715 |
||